00937 2200337 4500001002100000005001500021035002000036007000300056040001700059100003000076245007000106250001200176300003300188020002200221041000800243082001100251084001700262090001700279264003600296336002100332337003000353338002300383650001400406700004000420850001000460008004100470990002200511990002200533990002200555990002200577INLIS00000000000735020260602033504 a0010-0822000324ta aSBPUPADbind0 aRatih MaharaniePengarang1 aAku Mengenal Huruf #3 /cRatih Maharani.; Ilustrator, Nada Devina a.-cet.1 a32 hlm. :bilus. ;c20x28 cm a978-623-7230-18-207aind a372.21 a372.21 RAT a a372.21 RAT a a.--Yogyakarta :bRainbow,c2019 2rdacontentateks 2rdamediaatanpa perantara 2rdacarrieravolume 4aPelajaran0 aIlustrator, Narda DavinaePengarang aPUPAD260602 0  a36.673/B/DPK/2022 a36.672/B/DPK/2022 a36.674/B/DPK/2022 a36.673/B/DPK/2022